España, entre la esperanza y la agonía : 1921-1981 / F. A. Vilarrubias 1921-1981 / F. A. Vilarrubias
Descripción Física:
62 p. ; 22 cm
MARC
| LEADER | 00000nam a2200000Ia 4500 | ||
|---|---|---|---|
| 001 | 11320 | ||
| 008 | 160829s1981 xx 000 0 cat d | ||
| 080 | |a H-2-102 | ||
| 100 | 1 | |a Vilarrubias Solanes, Felio A. |9 50554 | |
| 245 | |a España, entre la esperanza y la agonía : |b 1921-1981 / F. A. Vilarrubias | ||
| 260 | |a Barcelona : |b (RIGSA), |c 1981 | ||
| 300 | |a 62 p. ; |c 22 cm | ||
| 650 | |a Espanya |x Política i govern |x 1921/1981 |9 25641 | ||
| 901 | |a Arxiu | ||
| 942 | |n 1 | ||
| 952 | |0 0 |1 0 |4 0 |6 H2102 |7 1 |9 43715 |a Arxiu |b Arxiu |d 2016-12-01 |l 0 |o H-2-102 |p 11320 |r 2016-12-01 00:00:00 |w 2016-12-01 |y ARXIU | ||
| 999 | |c 46263 |d 46263 | ||